Commentary on the Constitution of India/ (Record no. 197213)

MARC details
000 -LEADER
fixed length control field 00654nam a22002057a 4500
005 - DATE AND TIME OF LATEST TRANSACTION
control field 20230818113506.0
010 ## - LCCN (DPL NO)
LC control number ENG-137831
020 ## - INTERNATIONAL STANDARD BOOK NUMBER
International Standard Book Number 9788192380230
Terms of availability 150.00
035 ## - SYSTEM CONTROL NUMBER
System control number EN-121361
037 ## - SOURCE OF ACQUISITION
Source of stock number/acquisition DBAD/PUB
082 ## - DEWEY DECIMAL CLASSIFICATION NUMBER
Classification number 342.54
100 ## - MAIN ENTRY--PERSONAL NAME
Personal name Basu, Durga Das
245 ## - TITLE STATEMENT
Title Commentary on the Constitution of India/
Statement of responsibility, etc By Durga Das Basu, frwd by M N Venkatachaliah
250 ## - EDITION STATEMENT
Edition statement 9th
260 ## - PUBLICATION, DISTRIBUTION, ETC. (IMPRINT)
Place of publication, distribution, etc Haryana
Name of publisher, distributor, etc Lexis Nexis
270 ## - ADDRESS
Address 14th floor, Building No10, Tower-B, DLF Cyber city, phase-2,
City gurgaon
Postal code 122002
300 ## - PHYSICAL DESCRIPTION
Extent variousp.
Dimensions 26CM(pbk)
700 ## - ADDED ENTRY--PERSONAL NAME
Personal name M N Venkatachaliah
Relator term Frwd
942 ## - ADDED ENTRY ELEMENTS (KOHA)
Source of classification or shelving scheme Dewey Decimal Classification
Item type English Books
Classification part 342.54
Call number suffix BAS

No items available.


© Delhi Public Library
Hit Counter
free hit counter